| 000 | 00388nam a2200157Ia 4500 | ||
|---|---|---|---|
| 008 | 220216s9999 xx 000 0 und d | ||
| 100 | _aLoan L D | ||
| 245 | 0 | _aUse of heveaplus latex in tyre cord adhesives | |
| 260 |
_bRubber Developments _c1963 |
||
| 300 | _a45-46 | ||
| 650 | _aAdhesives | ||
| 650 | _aHeveaplus | ||
| 650 | _aHeveaplus latex | ||
| 650 | _aTyre cord | ||
| 942 | _cJS | ||
| 999 |
_c71845 _d71845 |
||